Optimalizácia v neproporcionálnom zaistení
Možnosť optimalizácie neproporcionálneho zaistenia s využitím optimalizačného kritéria minimalizácie rozptylu s väzbou na konštantný zisk založeného na hľadaní viazaných extrémov funkcie. Definovanie neproporcionálneho zaistenia, dôležitých vzťahov súvisiacich s takouto formou zaistenia, ako aj defi...
Enregistré dans:
| Auteur principal: | |
|---|---|
| Autres auteurs: | |
| Format: | Chapitre de livre |
| Langue: | slovaque |
| Sujets: | |
| Tags: |
Pas de tags, Soyez le premier à ajouter un tag!
|
MARC
| LEADER | 00000naa$a2200000$$$4500 | ||
|---|---|---|---|
| 001 | 0270227 | ||
| 005 | 20240502074231.2 | ||
| 041 | 0 | |a slo | |
| 044 | |a SK | ||
| 245 | 1 | 0 | |a Optimalizácia v neproporcionálnom zaistení |c Zsolt Simonka, František Slaninka |
| 520 | |a Možnosť optimalizácie neproporcionálneho zaistenia s využitím optimalizačného kritéria minimalizácie rozptylu s väzbou na konštantný zisk založeného na hľadaní viazaných extrémov funkcie. Definovanie neproporcionálneho zaistenia, dôležitých vzťahov súvisiacich s takouto formou zaistenia, ako aj definovanie aplikovaného optimalizačného kritéria. Modelový príklad. | ||
| 610 | 2 | 0 | |a riziko poistné |
| 610 | 2 | 0 | |a zaistenie |
| 610 | 2 | 0 | |a optimalizácia |
| 610 | 2 | 0 | |a modely stochastické |
| 100 | 1 | |a Simonka, Zsolt, 1974- | |
| 700 | 1 | |a Slaninka, František, 1973- | |